[Event "35t. Copenhagen Open (Politiken Cup)"]
[Site "Elsinore"]
[Date "2013.08.04"]
[Round "10"]
[White "Tryggestad, Andreas Garberg"]
[Black "Rolvag, Birk Anders"]
[Result "1/2-1/2"]
[WhiteElo "1774"]
[BlackElo "1988"]
[PlyCount "102"]
[EventDate "2013.07.27"]
[EventType "swiss"]
[EventRounds "10"]
[EventCountry "DEN"]
[Source "ChessBase"]
[SourceDate "2013.08.26"]

1. e4 c5 2. c3 e6 3. d4 d5 4. Nd2 Nc6 5. Ngf3 Nf6 6. Bd3 cxd4 7. Nxd4 Nxd4 8.
cxd4 dxe4 9. Nxe4 Bb4+ 10. Nc3 O-O 11. O-O Bd7 12. Qb3 Bxc3 13. bxc3 Bc6 14.
Bg5 h6 15. Bh4 Qd5 16. Qxd5 Nxd5 17. Rfc1 Rac8 18. Bg3 Rfd8 19. Rab1 Nf6 20. f3
a6 21. Bh4 Rd7 22. Bxf6 gxf6 23. Be4 Bxe4 24. fxe4 Rc4 25. Kf2 Rdc7 26. Rb3
Rxd4 27. cxd4 Rxc1 28. Rxb7 Rc2+ 29. Kf3 Rxa2 30. Rb8+ Kg7 31. d5 Ra3+ 32. Ke2
Ra4 33. Ke3 e5 34. Ra8 a5 35. Kf3 Ra2 36. Ke3 Ra1 37. Ke2 Ra4 38. Ke3 Ra3+ 39.
Ke2 Ra2+ 40. Ke3 Ra4 41. Kf3 Ra1 42. Ke2 Ra4 43. Ke3 f5 44. exf5 Kf6 45. Ra7
Rd4 46. Rxa5 Kxf5 47. Ra6 Rxd5 48. Rxh6 Ra5 49. Rd6 Ra3+ 50. Rd3 Ra2 51. Rd2
Ra3+ 1/2-1/2

[Event "35t. Copenhagen Open (Politiken Cup)"]
[Site "Elsinore"]
[Date "2013.08.04"]
[Round "10"]
[White "Undheim, Bjarne"]
[Black "Skovgaard, Ib"]
[Result "1-0"]
[WhiteElo "1838"]
[BlackElo "2036"]
[PlyCount "71"]
[EventDate "2013.07.27"]
[EventType "swiss"]
[EventRounds "10"]
[EventCountry "DEN"]
[Source "ChessBase"]
[SourceDate "2013.08.26"]

1. e4 Nf6 2. e5 Nd5 3. Nf3 d6 4. d4 g6 5. c4 Nb6 6. Be3 Bg7 7. Nbd2 O-O 8. Qc2
Nc6 9. exd6 cxd6 10. a3 Bf5 11. Bd3 Bxd3 12. Qxd3 d5 13. c5 Nd7 14. O-O h6 15.
Qb3 Nxd4 16. Bxd4 e5 17. Bc3 d4 18. Bb4 Re8 19. Ne4 a5 20. Bd2 Qe7 21. Rac1 Kh7
22. Qb5 f5 23. Nd6 Rf8 24. Nxb7 e4 25. Ne1 f4 26. Bxa5 f3 27. c6 Ne5 28. Qd5
Qh4 29. Bc7 Rf5 30. Bxe5 Rxe5 31. Qd7 Rh5 32. h3 Rg5 33. Rc5 Rd8 34. Nxd8 Rxc5
35. Ne6 Rf5 36. Qxg7# 1-0

[Event "35t. Copenhagen Open (Politiken Cup)"]
[Site "Elsinore"]
[Date "2013.08.04"]
[Round "10"]
[White "Vistisen, Lars"]
[Black "Haugli, Petter"]
[Result "0-1"]
[WhiteElo "2177"]
[BlackElo "2287"]
[PlyCount "90"]
[EventDate "2013.07.27"]
[EventType "swiss"]
[EventRounds "10"]
[EventCountry "DEN"]
[Source "ChessBase"]
[SourceDate "2013.08.26"]

1. e4 c5 2. c3 e6 3. d4 d5 4. exd5 exd5 5. Nf3 Nc6 6. Be2 Bd6 7. dxc5 Bxc5 8.
Nbd2 Nge7 9. Nb3 Bb6 10. Bg5 O-O 11. O-O f6 12. Bf4 Ng6 13. Qd2 Nxf4 14. Qxf4
Re8 15. Rfe1 Be6 16. Nbd4 Bf7 17. Bb5 Qd7 18. Nf5 Bg6 19. N3h4 Bc7 20. Qg4 Qf7
21. f4 Bh5 22. Qg3 Kh8 23. Qf2 Qf8 24. Kh1 Bf7 25. Nd4 Qc5 26. b4 Qxc3 27. Rec1
Qxd4 28. Qxd4 Nxd4 29. Rxc7 Nxb5 30. Rxf7 Nd6 31. Rd7 Rad8 32. Rxd8 Rxd8 33.
Rd1 Ne4 34. Kg1 d4 35. Rd3 Nc3 36. Nf3 Nxa2 37. b5 Nc1 38. Ra3 d3 39. Rxa7 Nb3
40. Rxb7 d2 41. Nxd2 Nxd2 42. Ra7 h5 43. b6 Ne4 44. Kf1 Kh7 45. Ra4 Rd1+ 0-1

[Event "35t. Copenhagen Open (Politiken Cup)"]
[Site "Elsinore"]
[Date "2013.08.04"]
[Round "10"]
[White "Wiberg, Jonas"]
[Black "Christiansen, Niels Jorgen"]
[Result "1/2-1/2"]
[WhiteElo "1877"]
[BlackElo "1669"]
[PlyCount "119"]
[EventDate "2013.07.27"]
[EventType "swiss"]
[EventRounds "10"]
[EventCountry "DEN"]
[Source "ChessBase"]
[SourceDate "2013.08.26"]

1. d4 f5 2. g3 Nf6 3. Bg2 e6 4. Nf3 Be7 5. O-O O-O 6. c4 d6 7. Nc3 Ne4 8. Qc2
Nxc3 9. Qxc3 Bf6 10. Qc2 Nc6 11. e3 a5 12. a3 Qe8 13. b3 e5 14. Bb2 e4 15. Nd2
Ne7 16. Rae1 c6 17. f4 d5 18. c5 Qd8 19. Nb1 b6 20. cxb6 Qxb6 21. Rc1 Ba6 22.
Rfe1 Bd3 23. Qd1 Rab8 24. Nd2 Qa6 25. Bf1 Bxf1 26. Rxf1 a4 27. b4 Nc8 28. Rf2
Nd6 29. Qc2 Rfc8 30. Qb1 Bd8 31. Rc3 Rc7 32. Qd1 Nb5 33. Rc1 Nd6 34. Rc5 Nb5
35. Qe2 Qa8 36. Rg2 Be7 37. Rc1 Rf8 38. Kh1 Rf6 39. g4 fxg4 40. Rxg4 Rh6 41.
Rcg1 Bf6 42. Nf1 Qe8 43. R4g2 Nd6 44. Bc1 Qh5 45. Qxh5 Rxh5 46. Nd2 Nf5 47. Nf1
Nh4 48. Rc2 Nf3 49. Rg3 Ne1 50. Re2 Nd3 51. Bd2 Re7 52. Kg2 Re6 53. Kg1 Bh4 54.
Rg4 Reh6 55. Ng3 Bxg3 56. Rxg3 Rh3 57. Reg2 Rxg3 58. Rxg3 Rg6 59. Rxg6 hxg6 60.
Kf1 1/2-1/2